Statistiques concernant Les 10 pokémons ayant le plus grand total de stats (par gen 1-6)

Cliquez ici pour prendre le quiz!

Statistiques générales

  • Ce quiz a été pris 38 fois
    (27 depuis la dernière actualisation)
  • Le résultat moyen est 39 sur 65

Statistiques - réponses

HintTotalRéponse% Correct
2e600Mew
100%
1er680Mewtwo
100%
4e580Sulfura
100%
4e580Artikodin
95%
2e600Dracolosse
95%
4e580Electhor
95%
2e670Groudon
95%
2e670Kyogre
95%
1er680Rayquaza
95%
1er720Arceus
89%
1er680Lugia
89%
2e680Dialga
84%
1er680Ho-oh
84%
2e680Palkia
84%
6e600Carchacrok
79%
3e660Kyurem
79%
3e600Tyranocif
79%
6e600Darkrai
74%
5e600Deoxys
74%
4e580Entei
74%
2e680Giratina
74%
6e600Heatran
74%
5e600Latias
74%
5e600Latios
74%
1er680Reshiram
74%
4e580Suicune
74%
1er680Xerneas
74%
1er680Yveltal
74%
1er680Zekrom
74%
4e580Raikou
68%
5e670Regigigas
68%
6e600Shaymin
68%
6e600Cresselia
63%
8e540Ronflex
63%
5e600Drattak
58%
5e600Jirachi
58%
6e600Manaphy
58%
3e600Zygarde
58%
5e600Celebi
53%
8e540Léviator
53%
8e580Cobaltium
47%
4e600Démétéros
47%
8e580Keldeo
47%
2e670Monaflèmit
47%
8e580Terrakium
47%
8e580Viridium
47%
8e580Boréas
42%
8e580Fulguris
42%
4e600Genesect
42%
3e600Volcanion
42%
10e535Lokhlass
37%
4e600Meloetta
32%
10e530Amphinobi
26%
10e530Blindépique
26%
3e600Diancie
26%
7e540Leuphorie
26%
10e534Typhlosion
26%
4e600Victini
26%
8e534Goupelin
21%
7e540Hyporoi
21%
7e555Arcanin
16%
7e535Bruyverne
16%
6e555Florges
11%
9e535Nostenfer
11%
9e531Chevroum
0%

Distribution des résultats

Percentile par nombre de réponses

% des personnes avec chaque résultat

Votre développement - résultats

Vous n’avez pas pris ce quiz depuis la dernière actualisation